Online Catalogue and eLibrary

Teaching Peace To Children (Record no. 6047)

MARC details
000 -LEADER
fixed length control field 00410nam a22001457a 4500
005 - DATE AND TIME OF LATEST TRANSACTION
control field 20250514025836.0
008 - FIXED-LENGTH DATA ELEMENTS--GENERAL INFORMATION
fixed length control field 250514b |||||||| |||| 00| 0 eng d
082 ## - DDC Classification
DDC Edition Number 22
Class No. 172
Item Number - Author Mark TEA
100 ## - MAIN ENTRY--PERSONAL NAME
Personal name Balasuriya A.S.
245 ## - TITLE STATEMENT
Title Teaching Peace To Children
260 ## - PUBLICATION, DISTRIBUTION, ETC.
Place of publication, distribution, etc. Maharagama
Name of publisher, distributor, etc. National Institute of Education
Date of publication, distribution, etc. 1994
300 ## - PHYSICAL DESCRIPTION
Extent (e.g. Volumes, Pages etc.) ix, 217 p .,
500 ## - GENERAL NOTE
General note Model Lessons for Upper Secondary Classes
942 ## - Koha item type (Biblio)
Koha item type Books in Stacks (Lending)
Holdings
Lost status Damaged status Collection code Home library Current library Date acquired Full call number Accession Number Item type
    Lending WERC Library WERC Library 05/14/2025 172 TEA 6965 Books in Stacks (Lending)

© WERC Library